Transzcendenciaigény Szabó Lőrinc távol-keleti tematikájú verseiben [absztrakt] /

Elmentve itt :
Bibliográfiai részletek
Szerző: Varga Borbála Kincső
Testületi szerző: IX. Móra Kárpát-medencei Interdiszciplináris Szakkollégiumi Konferencia
További közreműködők: Szabó Lőrinc
Dokumentumtípus: Könyv része
Megjelent: Szegedi Tudományegyetem Móra Ferenc Szakkollégium Szeged 2025
Sorozat:Móra Kárpát-medencei Interdiszciplináris Szakkollégiumi Konferencia 9
Kulcsszavak:Magyar irodalom - költészet - 20. sz. - előadáskivonat
Tárgyszavak:
Online Access:http://acta.bibl.u-szeged.hu/89179
LEADER 01017naa a2200217 i 4500
001 acta89179
005 20251204145203.0
008 251204s2025 hu o 100 hun d
040 |a SZTE Egyetemi Kiadványok Repozitórium  |b hun 
041 |a hun 
100 1 |a Varga Borbála Kincső 
245 1 0 |a Transzcendenciaigény Szabó Lőrinc távol-keleti tematikájú verseiben   |h [elektronikus dokumentum] :  |b [absztrakt] /  |c  Varga Borbála Kincső 
260 |a Szegedi Tudományegyetem Móra Ferenc Szakkollégium  |b Szeged  |c 2025 
300 |a 123-124 
490 0 |a Móra Kárpát-medencei Interdiszciplináris Szakkollégiumi Konferencia  |v 9 
650 4 |a Bölcsészettudományok 
650 4 |a Nyelvek és irodalom 
695 |a Magyar irodalom - költészet - 20. sz. - előadáskivonat 
700 0 1 |a Szabó Lőrinc 
711 |a IX. Móra Kárpát-medencei Interdiszciplináris Szakkollégiumi Konferencia  |c Szeged  |d 2025. november 21-23. 
856 4 0 |u http://acta.bibl.u-szeged.hu/89179/1/morakonf_2025_123-124.pdf  |z Dokumentum-elérés